Toutes les Techniques d'Hurley Kane/Tsunami D'Inazuma Eleven - Statistiques

Statistiques générales
  • Ce quiz a été pris 45 fois
  • Le résultat moyen est 4 sur 6
Statistiques - réponses
Réponse Type de quiz Première Utilisation % Correct
Tir Tsunami TIR S2
100%
Le Typhon TIR S3
94%
Le Rouleau TIR S3
84%
Tour Parfaite DEF S2
63%
Baleine Furieuse DEF MANGA
38%
Vague Stellaire TIR FILM
34%
Aucun quiz correspondant
Distribution des résultats
% des personnes avec chaque résultat
Percentile par nombre de réponses
Votre historique - résultats
Vous n’avez pas pris ce quiz